Λογοτεχνικά βιβλία για παιδιά: θεωρητικές και κριτικές προσεγγίσεις

Αποθηκεύτηκε σε:
Λεπτομέρειες βιβλιογραφικής εγγραφής
Κύριος συγγραφέας: Καλογήρου, Τζίνα
Μορφή: Βιβλίο
Γλώσσα:Greek
Δημοσίευση: Αθήνα: Επτάλοφος, c2019.
Θέματα:
Ετικέτες: Προσθήκη ετικέτας
Δεν υπάρχουν, Καταχωρήστε ετικέτα πρώτοι!

MARC

LEADER 00000cam a2200000 a 4500
001 1/124745
008 220503s2019####gr | ||| |||| ||gre||
020 |a 9786185177225 
040 |a GR-MyUa  |b gre  |c GR-MyUa  |e AACR2 
041 0 |a gre 
082 7 |a 809.89282   |2 (23)  
100 1 |a Καλογήρου, Τζίνα. 
245 1 0 |a Λογοτεχνικά βιβλία για παιδιά:   |b θεωρητικές και κριτικές προσεγγίσεις /   |c Τζίνα Καλογήρου.  
260 |a Αθήνα:   |b Επτάλοφος,   |c c2019.  
300 |a 408 σ. :   |b εικ. ;   |c 24 εκ.  
504 |a Περιέχει βιβλιογραφικές παραπομπές.  
650 0 |a Children's literature. 
650 0 |a Children  |x Books and reading. 
970 |a Σιδερή   |b Νεκταρία   |z 2022/05/03